| 000 | 00389nam a2200157Ia 4500 | ||
|---|---|---|---|
| 008 | 220805s9999 xx 000 0 und d | ||
| 020 | _a978-0091-89460-3 | ||
| 041 | _aeng | ||
| 082 | _a153.42 | ||
| 100 |
_aEdward, Debono _988586 |
||
| 260 |
_aLondon _bVermillion _c2004 |
||
| 245 | _aHow to have a beatiful mind | ||
| 250 | _a1 | ||
| 300 | _a231 | ||
| 650 |
_aThought and thinking _988587 |
||
| 999 |
_c48752 _d48752 |
||